| 000 | 00770cam a2200253 a 4500 | ||
|---|---|---|---|
| 001 | 000018356 | ||
| 005 | 20200929165454.0 | ||
| 008 | 810218s1963 fr b 000 0 fre d | ||
| 040 |
_aDO-SdBNP _bfre _cLC _dBNPHU |
||
| 042 | _apremarc | ||
| 082 |
_a174.2 _bC496r |
||
| 100 | 1 |
_aChauchard, Paul, _d1912-2003. _939755 |
|
| 245 | 1 | 3 |
_aLe respect de la vie / _cC496r. |
| 260 |
_aParis : _bBeauchesne, _c1963. |
||
| 300 |
_a207 p. ; _c18 cm. |
||
| 490 | 1 |
_aBeauchesne, _v2 |
|
| 504 | _aBibliografía: p. 205. | ||
| 650 | 4 |
_aÉtica médica _936009 |
|
| 650 | 4 |
_aDerecho a la vida _939756 |
|
| 650 | 4 |
_aDerechos humanos _xAspectos religiosos _xCristianismo _939757 |
|
| 830 | 0 |
_aBeauchesne, _v2. _939758 |
|
| 910 | _aCatalogación derivada / LC | ||
| 999 |
_a1 _n0000020 _c17877 _d17877 |
||
| 049 | _aBNGR | ||